000 00389nam a2200157 i 4500
001 bg
100 1 _aMUSZYŃSKI, Zbigniew
245 0 _aZarys technologii metali /
_cZbigniew Muszyński.
260 _aWarszawa,
_c1974.
650 9 _aMetale
_xtechnologia
040 _cBPK
041 _apol
080 _a669.017/.018(075.8)
942 _cKS
008 s pl f |000 0 pol
999 _c26533
_d26533
856 _uhttp://koha.tu.koszalin.pl/cgi-bin/koha/opac-detail.pl?biblionumber=26533
_yKatalog online BPK